Elektronický portál celoživotného dištančného vzdelávania

Guardado en:
Detalles Bibliográficos
Autor principal: Lukáč, Maroš (Autor)
Otros Autores: Bisták, Marek (Orientador)
Formato: Manuscrito Libro
Lenguaje:eslovaco
Publicado: 2023
Materias:
Acceso en línea:http://is.stuba.sk/zp/portal_zp.pl?podrobnosti=163703
Etiquetas: Agregar Etiqueta
Sin Etiquetas, Sea el primero en etiquetar este registro!

MARC

LEADER 00000ntm a22000003a 4500
001 stuzp92459
003 SK-STU
005 20230909213233.0
007 ta
008 150427s2015----xo-----f-mn---000-0-slo-d
040 |a STU  |b slo 
041 0 |a slo 
100 1 |a Lukáč, Maroš  |u 070400  |4 aut  |U FIIT Fakulta informatiky a informačných technológií  |T FIIT Ústav počítačového inžinierstva a aplikovanej informatiky  |X 111698  |U I400  |Y 672  |7 111698 
242 0 1 |a Electronic portal solution for lifelong distant education  |y eng 
245 1 0 |a Elektronický portál celoživotného dištančného vzdelávania 
260 |c 2023 
650 4 |a znevýhodnení používatelia  |2 slo 
650 4 |a webový portál  |2 slo 
650 4 |a personalizácia  |2 slo 
650 4 |a ovládateľnosť  |2 slo 
650 4 |a web portal  |2 eng 
650 4 |a personalization  |2 eng 
650 4 |a disabled users  |2 eng 
650 4 |a controllability  |2 eng 
700 1 |a Bisták, Marek  |4 ths  |X 123738  |7 123738 
856 4 |u http://is.stuba.sk/zp/portal_zp.pl?podrobnosti=163703